书目信息 |
| 题名: |
千千万万中国人
|
|
| 作者: | 斯特朗 著 ;王鹿鹿 , 马红星 , 张奇志 译 | |
| 分册: | ||
| 出版信息: | 北京 中国社会科学出版社 1985 |
|
| 页数: | 216页 | |
| 开本: | 19cm | |
| 丛书名: | ||
| 单 册: | ||
| 中图分类: | K262.06 , K262-67 | |
| 科图分类: | ||
| 主题词: | 第一次国内革命战争--中国--史料 , 中国--历史 | |
| 电子资源: | ||
| ISBN: | ||
| 000 | 00939nam0 2200313 45 | |
| 001 | 0185008843 | |
| 005 | 20040518172517.0 | |
| 010 | @dCNY1.45 | |
| 091 | @a11190.171 | |
| 100 | @a19901005d1985 em y0chiy0121 ea | |
| 101 | 1 | @achi@ceng |
| 102 | @aCN@b110000 | |
| 105 | @ay z 000yy | |
| 106 | @ar | |
| 200 | 10 | @a千千万万中国人@Aqian qian wan wan zhong guo ren@e1927年中国中部的革命@f(美)A.L.斯特朗著@g王鹿鹿等译 |
| 210 | @a北京@c中国社会科学出版社@d1985 | |
| 215 | @a216页@d19cm | |
| 300 | @a根据新世界出版社(北京)1965年英文第1版译出 | |
| 606 | @a第一次国内革命战争@y中国@z史料 | |
| 606 | 0 | @a中国@x历史 |
| 690 | @aK262.06@v3 | |
| 690 | @aK262-67 | |
| 701 | 1 | @a斯特朗@Asi te lang@bA.L.@4著 |
| 702 | 0 | @a王鹿鹿@Awang lu lu@4译 |
| 702 | 0 | @a马红星@Ama hong xing@4译 |
| 702 | 0 | @a张奇志@Azhang qi zhi@4译 |
| 801 | 0 | @aCN@b深圳图书馆@c20040518 |
| 801 | 2 | @aCN@bNLC@c20040518 |
| 905 | @f2@b159017-018@dK262-67@e20 | |
| 千千万万中国人:1927年中国中部的革命/(美)A.L.斯特朗著/王鹿鹿等译.-北京:中国社会科学出版社,1985 |
| 216页;19cm |
| 根据新世界出版社(北京)1965年英文第1版译出 |
| ISBN :CNY1.45 |
| ● |
| 相关链接 |
|
|
|
|
正题名:千千万万中国人
索取号:K262-67/20
 
预约/预借
| 序号 | 登录号 | 条形码 | 馆藏地/架位号 | 状态 | 备注 |
| 1 | 0159017 | 000356377 | 第二借阅区/ [索取号:K262-67/20] | 在馆 | |
| 2 | 0159018 | 000356395 | 第二借阅区/ [索取号:K262-67/20] | 在馆 | |
| 3 | 0159019 | 000356386 | 第二样本阅览室/ [索取号:K262-67/20] | 在馆 |